000 02411nam0a2200421 4500
001 RU\NLR\BIBL_A\010303447
005 20260409065321.0
010 _a978-5-94301-504-5
_9200
021 _aRU
_b14 -8272
035 _a(NLR Aleph) 010303447
035 _a(NILC)RuMoRGB-006742757
090 _a10604929
_c10604929
100 _a20140408d2013 |||y0rusy50 ca
101 0 _arus
102 _aRU
105 _aa|||z|||1||||
200 1 _aМетодология, теория и практика в современной филологии, культурологии, искусствоведении, истории
_eматериалы Международной научно-практической конференции, Новосибирск, 21 августа [2013 г.]
_f[науч. ред. Е. А. Омельченко]
210 _aНовосибирск
_cЦентр содействия развитию научных исследований
_d2013
215 _a107 с.
_cил.
_d21
300 _aВ надзаг.: Центр содействия развитию науч. исслед.
320 _aБиблиогр. в конце ст.
606 1 _aФилология
_jСъезды, совещания и т.п.
_9921663
_3RU\NLR\AUTH\6619068
606 _aИскусство
_jСъезды, совещания и т.п.
_9934834
_3RU\NLR\AUTH\6626297
606 1 _aКультурология
_jСъезды, совещания и т.п.
_91437504
_3RU\NLR\AUTH\66607983
686 1 _aШ.я431
686 1 _aЩ03я431
686 1 _aЧ111я431
686 1 _aТ3(0)0-7я431
702 1 _4340
_7ca
_8rus
_aОмельченко
_bЕ. А.
_cд-р социол. наук, канд. филос. наук
_f1957-
_gЕлена Александровна
_9218216
_3RU\NLR\AUTH\770218272
711 1 2 _a"Методология, теория и практика в современной филологии, культурологии, искусствоведении, истории", международная научно-практическая конференция
_eНовосибирск
_f2013
_9396815
_3RU\NLR\AUTH\880364979
801 0 _aRU
_bРГБ
_c20140220
_gRCR
942 _cBOOK
980 _aNBR
980 _aNB